00333nam a22000977a 4500003000400000082001900004100003500023245009300058260007600151300000800227SGT a891.4309bB02R aराय, विवेकी  aभोजपुरी साहित्य : प्रगति की पहचान  bभोजपुरी साहित्य संस्थानc2002 a204